000 00426cam a2200181ua 4500
041 _aeng
_h
082 _a531
_bJAG/TE
100 _aJagger, J G.
245 _aText book of mechanics, Vol 3 /
_cJ G Jagger.
_hTextual Documents
250 _a1 /
_b.
260 _aLondon :
_bBlackie & Son Ltd ,
_c1952.
300 _a664 ; .
362 0 _aVol 3-
504 _a
650 _aMechanics
942 _cBK
999 _c232
_d232